|
|
|
|
| LEADER |
00000nam a2200000 a 4500 |
| 001 |
vtls010071301 |
| 003 |
SK-MaSNL |
| 005 |
20260302044554.0 |
| 008 |
180730s2008 fr g 001 0 fre |
| 020 |
|
|
|a 9782011457240
|q (brož.)
|
| 040 |
|
|
|a SNK
|b slo
|c SNK
|e AACR2
|
| 041 |
0 |
|
|a fre
|
| 043 |
|
|
|a e------
|
| 044 |
|
|
|a fr
|c FE
|
| 072 |
|
7 |
|a 316.4/.7
|x Sociálne interakcie
|2 konspekt
|
| 072 |
|
7 |
|a 94(4)
|x Dejiny Európy
|2 konspekt
|
| 080 |
|
|
|a 316.66
|2 2001
|
| 080 |
|
|
|a 316.72/.75
|2 2001
|
| 080 |
|
|
|a (4)
|2 2001
|
| 080 |
|
|
|a (048.8)
|2 2001
|
| 245 |
0 |
0 |
|a Europe des cultures et culture européenne: communauté et diversité
|c contributions rassemblées par Julia Kristeva et Frédéric Ogée
|
| 260 |
|
|
|a Paris
|b Hachette
|c c2008
|
| 300 |
|
|
|a 185 s.
|c 19 cm
|
| 500 |
|
|
|a Vedľa názvu: Université Paris-Diderot, Paris 7
|
| 504 |
|
|
|a Obsahuje bibliografické odkazy a reg.
|
| 650 |
0 |
7 |
|a sociálna identita
|2 SNKPH
|9 1667
|
| 650 |
0 |
7 |
|a multikulturalizmus
|2 SNKPH
|9 4941
|
| 651 |
|
7 |
|a Európa
|2 SNKPH
|9 167569
|
| 655 |
|
7 |
|a štúdie
|2 SNKPH
|9 57033
|
| 700 |
1 |
|
|a Kristeva, Julia,
|d 1941-
|4 ctb
|9 186154
|
| 700 |
1 |
|
|a Ogée, Frédéric
|4 ctb
|9 700540
|
| 919 |
|
|
|a 978-2-01-145724-0
|
| 999 |
|
|
|c 1090170
|d 1092100
|
| 952 |
|
|
|a SNK
|b SNK
|y VYP
|7 0
|p 17A0665599
|o snkID 98457
|i snk2010/15396
|8 4
|g 15.13
|0 0
|1 0
|4 0
|d 2010-03-03
|l 0
|r 2026-02-24 16:54:49
|w 2026-02-24
|